| 000 | 00353nam a2200133Ia 4500 | ||
|---|---|---|---|
| 008 | 240624s9999 xx 000 0 und d | ||
| 041 | _aeng | ||
| 082 | _a378.1 BLE | ||
| 100 | _aBLESSINGER PATRICK | ||
| 245 | _aINQUIRY BASED LEARNING FOR THE ARTS HUMA | ||
| 260 |
_c2014 _aUnited Kingdom _bEmerald |
||
| 300 | _axvi, 511 p.; 23 cm. | ||
| 365 |
_cBPS _b38 |
||
| 999 |
_c30558 _d30558 |
||